| 000 -LEADER |
| fixed length control field |
00593nam a22001577a 4500 |
| 020 ## - INTERNATIONAL STANDARD BOOK NUMBER |
| ISBN |
9781032269283 |
| 082 ## - DEWEY DECIMAL CLASSIFICATION NUMBER |
| Classification number |
340.1150954 |
| Item number |
K1647 2022 |
| 245 ## - TITLE STATEMENT |
| Title |
Routledge readings on law, development and legal pluralism : ecology, families, governance / edited by Kalpana Kannabiran. |
| 260 ## - PUBLICATION, DISTRIBUTION, ETC. (IMPRINT) |
| Place of publication |
Abingdon, Oxon ; |
| -- |
New York, NY : |
| Name of publisher |
Routledge, |
| Year of publication |
2022 |
| 300 ## - PHYSICAL DESCRIPTION |
| Number of Pages |
1 online resource, xv, 379 : |
| Other physical details |
illustrations. |
| 500 ## - GENERAL NOTE |
| General note |
Includes bibliographical references |
| 650 ## - SUBJECT ADDED ENTRY--TOPICAL TERM |
| Topical Term |
Law -- India |
| 650 ## - SUBJECT ADDED ENTRY--TOPICAL TERM |
| Topical Term |
Sociological jurisprudence -- India |
| 700 ## - ADDED ENTRY--PERSONAL NAME |
| Personal name |
Kalpana Kannabiran, editor. |
| 942 ## - ADDED ENTRY ELEMENTS (KOHA) |
| Koha item type |
Electronic Books |